| 000 | 00704nam a22002297a 4500 | ||
|---|---|---|---|
| 942 | _cBK | ||
| 999 |
_c619 _d619 |
||
| 005 | 20250420134818.0 | ||
| 008 | 200813b ||||| |||| 00| 0 eng d | ||
| 020 | _a9781259254451 | ||
| 040 | _cKCST | ||
| 082 |
_a658.3 _bNo Fu |
||
| 100 |
_aNoe, Raymond A _95096 |
||
| 245 |
_aFundamentals of human resource management / _cRaymond A Noe; John R Hollenbeck; Barry A Gerhart; Patrick M Wright |
||
| 250 |
_a6th edition _bInt. student edition |
||
| 260 |
_aNew York: _bMcGraw-Hill _c©2016. |
||
| 300 | _a568 p. | ||
| 650 |
_aPersonnel management _9393 |
||
| 700 |
_aHollenbeck, John R. _95097 |
||
| 700 |
_aGerhart, Barry A. _95098 |
||
| 700 |
_aWright, Patrick M. _95099 |
||
| 942 | _2ddc | ||